Γεώργιος Ιακωβίδης : αναδρομική
Αποθηκεύτηκε σε:
| Άλλοι συγγραφείς: | |
|---|---|
| Μορφή: | Βιβλίο |
| Γλώσσα: | Greek |
| Δημοσίευση: |
Αθήνα :
Εθνική Πινακοθήκη-Μουσείο Αλεξάνδρου Σούτζου,
2005.
|
| Θέματα: | |
| Ετικέτες: |
Προσθήκη ετικέτας
Δεν υπάρχουν, Καταχωρήστε ετικέτα πρώτοι!
|
MARC
| LEADER | 00000cam a2200000 i 4500 | ||
|---|---|---|---|
| 001 | 1/84229 | ||
| 008 | 080509s2005 gr | ||| |||| ||gre|| | ||
| 020 | |a 9607791223 | ||
| 035 | |l 10097136 | ||
| 040 | |a GR-MyUa |b gre |e AACR2 | ||
| 041 | 0 | |a gre | |
| 082 | 7 | |a 700.92 |2 (22) | |
| 245 | 0 | 0 | |a Γεώργιος Ιακωβίδης : |b αναδρομική / |c επιμέλεια: Όλγα Μεντζαφού-Πολύζου. |
| 246 | 1 | |i Τίτλος εξωφύλλου: |a Ιακωβίδης : |b αναδρομική | |
| 260 | |a Αθήνα : |b Εθνική Πινακοθήκη-Μουσείο Αλεξάνδρου Σούτζου, |c 2005. | ||
| 300 | |a 327 σ. : |b έγχρ. εικ. ; |c 29 εκ. | ||
| 500 | |a Έκθεση που πραγματοποιήθηκε στην Αθήνα, Εθνική Πινακοθήκη-Μουσείο Αλεξάνδρου Σούτζου στις 14 Νοεμβρίου 2005-30 Ιανουαρίου 2006. | ||
| 504 | |a Βιβλιογραφία: σ. 318-327. | ||
| 600 | 1 | 0 | |a Ιακωβίδης, Γεώργιος, |d 1853-1932 |x Exhibitions. |
| 650 | 0 | 0 | |a Painters |z Greece |y 20th century. |
| 700 | 1 | |a Μεντζαφού-Πολύζου, Όλγα, |e edtf | |
| 852 | |a INST |b SYROS |e 20080509 |h 700.92 ΙΑΚ |p 005500006002 |q 005500006002 |t BK |y 0 | ||
| 901 | |a BIBL5-2008-2 | ||
| 922 | |a 5ΕΛΗ |b 200801 |c ΕΠΕΑΕΚ2/ΤΜΣΠΣ |d Σ. ΠΑΤΑΚΗΣ | ||
| 970 | |a ΚΟΝΤΟΥ |b ΠΑΡΑΣΚΕΥΗ |z 2008/05/09 | ||